Nghệ thuật đàm phán = The art of the deal
Nội dung sách trình bày phong cách làm việc mỗi ngày của Donald Trump, cách ông điều hành trong kinh doanh và cuộc sống, cách đàm phán một thương vụ thành công cũng như cách ông trò chuyện với bạn bè, gia đình, làm ăn với đối thủ, mua thành công...
Bewaard in:
| Hoofdauteur: | |
|---|---|
| Andere auteurs: | , |
| Formaat: | Boek |
| Taal: | Vietnamese |
| Gepubliceerd in: |
Tp. Hồ Chí Minh
Nxb. Trẻ
2023
|
| Onderwerpen: | |
| Tags: |
Voeg label toe
Geen labels, Wees de eerste die dit record labelt!
|
| Thư viện lưu trữ: | Thư viện Trường Đại học Nam Cần Thơ |
|---|
| LEADER | 02126nam a22002657a 4500 | ||
|---|---|---|---|
| 001 | NCT_4_015859 | ||
| 008 | 250116b xxu||||| |||| 00| 0 vie d | ||
| 999 | |c 8755 |d 8755 | ||
| 020 | |a 9786041219557 |c 109000 | ||
| 082 | 0 | 4 | |2 23rd ed. |a 333.33092 |b T867 |
| 100 | 1 | |a Trump, Donald J. | |
| 245 | 1 | 0 | |a Nghệ thuật đàm phán = |b The art of the deal |c Donald J. Trump, Tony Schwartz ; Nguyễn Đăng Thiều (Dịch) |
| 260 | |a Tp. Hồ Chí Minh |b Nxb. Trẻ |c 2023 | ||
| 300 | |a 327 tr. |c 20 cm | ||
| 520 | 3 | |a Nội dung sách trình bày phong cách làm việc mỗi ngày của Donald Trump, cách ông điều hành trong kinh doanh và cuộc sống, cách đàm phán một thương vụ thành công cũng như cách ông trò chuyện với bạn bè, gia đình, làm ăn với đối thủ, mua thành công những sòng bạc hàng đầu ở thành phố Atlantic, thay đổi bộ mặt của những cao ốc ở thành phố New York... và xây dựng những toà nhà chọc trời trên thế giới. | |
| 653 | |a Truyền thông đa phương tiện | ||
| 700 | 1 | |a Schwartz, Tony | |
| 700 | 1 | |a Nguyễn Đăng Thiều |e Dịch | |
| 942 | |2 ddc |c BK | ||
| 952 | |0 0 |1 0 |2 ddc |4 0 |6 333_330920000000000_T867 |7 0 |9 30065 |a 000001 |b 000001 |d 2025-01-16 |o 333.33092 T867 |p MD.23406 |r 2025-01-16 |v 109000.00 |w 2025-01-16 |y BK | ||
| 952 | |0 0 |1 0 |2 ddc |4 0 |6 333_330920000000000_T867 |7 0 |9 30066 |a 000001 |b 000001 |d 2025-01-16 |o 333.33092 T867 |p MD.23407 |r 2025-01-16 |v 109000.00 |w 2025-01-16 |y BK | ||
| 952 | |0 0 |1 0 |2 ddc |4 0 |6 333_330920000000000_T867 |7 0 |9 30067 |a 000001 |b 000001 |d 2025-01-16 |o 333.33092 T867 |p MD.23408 |r 2025-01-16 |v 109000.00 |w 2025-01-16 |y BK | ||
| 952 | |0 0 |1 0 |2 ddc |4 0 |6 333_330920000000000_T867 |7 0 |9 30068 |a 000001 |b 000001 |d 2025-01-16 |o 333.33092 T867 |p MD.23409 |r 2025-01-16 |v 109000.00 |w 2025-01-16 |y BK | ||
| 952 | |0 0 |1 0 |2 ddc |4 0 |6 333_330920000000000_T867 |7 0 |9 30069 |a 000001 |b 000001 |d 2025-01-16 |o 333.33092 T867 |p MD.23410 |r 2025-01-16 |v 109000.00 |w 2025-01-16 |y BK | ||
| 980 | |a Thư viện Trường Đại học Nam Cần Thơ | ||


